000 00799cam a22002413a 4500
001 28226
003 PGUSA
005 20140828083617.0
008 090301s2009||||xxu|||||s|||||000 | eng d
040 _aPGUSA
_beng
042 _adc
050 4 _aD501
100 1 _aRaleigh, Walter Alexander,
_cSir,
_d1861-1922
245 1 4 _aThe War in the Air; Vol. 1 :
_bThe Part played in the Great War by the Royal Air Force
_h[electronic resource] /
_cWalter Alexander, Raleigh
260 _bProject Gutenberg,
_c2009
506 _aPublic domain in the USA.
516 _aElectronic text
653 _aWorld War, 1914-1918 -- Aerial operations, British
653 _aGreat Britain. Royal Air Force
830 0 _aProject Gutenberg
_v28226
856 4 0 _uhttp://www.gutenberg.org/ebooks/28226
942 _cEB
999 _c257481
_d257481